• 首页
  • 本馆介绍
  • 公告通知
  • 最新文献
  • 馆藏检索
  • 电子资源
  • 读者导购
  • 参考咨询
  • 我的图书馆
  • 登录
  • 详细信息显示
  • 放入我的书架
  • 预约/预借图书
  • 作者相关作品
  • 分类相关作品
  • 丛书相关作品
  • 出版社相关作品

书目信息

  • 表格格式
  • 工作单格式
  • 卡片格式
题名:
魏晋南北朝史论丛
    
 
作者: 唐长儒 著
分册:  
出版信息: 北京   三联书店  1955.7
页数: 452页
开本: 20cm
丛书名:
单 册:
中图分类: K235.07
科图分类:
主题词: 中国--古代史--封建社会
电子资源:
ISBN:
000 00552nam0 2200205 45
001 0312221749
005 20040429163215.7
010    @dCNY1.35
091    @a11002.19
100    @a20031222d1955 km y0chiy0120 ea
101    @achi
105    @a z 000yy
200 1  @a魏晋南北朝史论丛@AWei Jin Nan Bei Chao Shi Lun Cong@f唐长儒著@FTang Chang Ru Zhu
210    @a北京@c三联书店@d1955.7
215    @a452页@d20cm
606 0  @a中国@x古代史@x封建社会
690    @aK235.07@v3
701 0  @a唐长儒@4著
801    @aCN@bTSTCL@c20031222
905    @dK235.07@e1:1
    
    魏晋南北朝史论丛/唐长儒著.-北京:三联书店,1955.7
    452页;20cm
    
    
    ISBN :CNY1.35
    
●
相关链接 在E读中查询图书 在五车中查询图书 在当当中查询图书 在豆瓣中查询图书


正题名:魏晋南北朝史论丛     索取号:K235.07/1:1         预约/预借

序号 登录号 条形码 馆藏地/架位号 状态 备注
1 0228636   001283667   第二借阅区/ [索取号:K235.07/1:1] 在馆    
2 0228637   001283587   第二样本阅览室/ [索取号:K235.07/1:1] 在馆    
唐山师范学院图书馆 欢迎您!
大连网信软件有限公司© 版权所有